| 000 | 00882nam a22003610a 4500 | ||
|---|---|---|---|
| 001 | PT32454 | ||
| 003 | AR-LpoUNG | ||
| 005 | 20210131225953.0 | ||
| 008 | 191001s2006||||sp |||||||||||||||||spa d | ||
| 020 |
_a8497562496 _c$53.75 |
||
| 040 |
_aAR-LpoUNG _bspa _cAR-LpoUNG _eaacr |
||
| 041 | _aspa | ||
| 044 | _asp | ||
| 082 | 0 | _aR938 671atl | |
| 100 | 1 | _aDomínguez, Adolfo J. | |
| 245 | 1 | 0 | _aAtlas histórico del mundo griego antiguo |
| 260 |
_aMadrid : _bSíntesis, _c2006. |
||
| 300 |
_a308 p. : _bmapas |
||
| 650 | 4 | _aANALISIS HISTORICO | |
| 650 | 4 | _aATLAS | |
| 650 | 4 | _aCULTURA | |
| 650 | 4 | _aFILOSOFIA | |
| 650 | 4 | _aGRECIA | |
| 650 | 4 | _aGUERRA | |
| 650 | 4 | _aHISTORIA POLITICA | |
| 650 | 4 | _aMATERIAL DE REFERENCIA | |
| 650 | 4 | _aRELIGION | |
| 650 | 4 | _aTEATRO | |
| 653 | _aHISTORIA ANTIGUA | ||
| 700 | 1 | _aPascual, José | |
| 905 | _a32454 | ||
| 942 | _cLSALA | ||
| 999 |
_c729 _d729 |
||